[Event "BEL-chT 1516"]
[Site "Belgium"]
[Date "2016.03.20"]
[Round "9.8"]
[White "Thiry, Jean Christophe"]
[Black "Goossens, Franky"]
[Result "1-0"]
[WhiteElo "2057"]
[BlackElo "2049"]
[PlyCount "53"]
[EventDate "2015.09.27"]
[EventType "team-tourn"]
[EventRounds "11"]
[EventCountry "BEL"]
[SourceTitle "EXT 2017"]
[Source "ChessBase"]
[SourceDate "2016.10.25"]
[SourceVersion "1"]
[SourceVersionDate "2016.10.25"]
[SourceQuality "1"]
[WhiteTeam "Liege Crelel"]
[BlackTeam "KBSK Brugge"]
[WhiteTeamCountry "BEL"]
[BlackTeamCountry "BEL"]

1. d4 e6 2. Nf3 f5 3. c4 Nf6 4. Nc3 Bb4 5. Qb3 a5 6. g3 0-0 7. Bg2 d6 8. 0-0 Bxc3 9. Qxc3 Ne4 10. Qe3 Nc6 11. Nd2 Nxd2 12. Bxd2 Qe8 13. Bc3 Nb4 14. Qf4 Qh5 15. Qd2 Nc6 16. f4 a4 17. Rae1 Bd7 18. e4 fxe4 19. Bxe4 d5 20. Bf3 Qf5 21. cxd5 exd5 22. Qg2 Rfe8 23. Bxd5+ Kh8 24. a3 Na5 25. Re5 Rxe5 26. fxe5 Qg5 27. Bxa5 1-0

[Event "BEL-chT 1415"]
[Site "Belgium"]
[Date "2015.03.22"]
[Round "11.6"]
[White "Van der Stricht, Geert"]
[Black "Thiry, Jean Christophe"]
[Result "1-0"]
[WhiteElo "2379"]
[BlackElo "2031"]
[PlyCount "193"]
[EventDate "2014.09.28"]
[EventType "team-swiss"]
[EventRounds "11"]
[EventCountry "BEL"]
[SourceTitle "EXT 2016"]
[Source "ChessBase"]
[SourceDate "2015.10.08"]
[SourceVersion "1"]
[SourceVersionDate "2015.10.08"]
[SourceQuality "1"]
[WhiteTeam "KGSRL"]
[BlackTeam "Liege Crelel"]
[WhiteTeamCountry "BEL"]
[BlackTeamCountry "BEL"]

1. d4 d5 2. c4 e6 3. Nf3 Nf6 4. g3 Be7 5. Bg2 0-0 6. 0-0 dxc4 7. Qc2 a6 8. Qxc4 b5 9. Qc2 Bb7 10. Bd2 Be4 11. Qc1 c6 12. Rd1 Nbd7 13. Nc3 Bd5 14. Qc2 b4 15. Nxd5 cxd5 16. Bf4 Rc8 17. Qa4 Qb6 18. Ne5 Qb7 19. Rac1 Nxe5 20. dxe5 Nd7 21. h4 Nc5 22. Qc2 b3 23. Qb1 bxa2 24. Qxa2 Qb3 25. Ra1 Rb8 26. Rdb1 h6 27. Be3 Nd7 28. Bd4 Bc5 29. Bc3 d4 30. Bd2 Nxe5 31. Bf4 Bd6 32. Qxb3 Rxb3 33. Rxa6 Bb8 34. Ra3 Rb6 35. Ra4 d3 36. Bf1 Rd8 37. Ra8 dxe2 38. Bxe2 Nc6 39. Be3 Nd4 40. Kg2 Rb7 41. Bc4 Nf5 42. Bf4 Bc7 43. Rxd8+ Bxd8 44. b4 g5 45. hxg5 hxg5 46. Be5 Be7 47. b5 Bd6 48. Bf6 Be7 49. Ba1 Nd6 50. Be2 f6 51. Bd4 Nf5 52. Bf3 Rxb5 53. Rxb5 Nxd4 54. Rb8+ Kg7 55. Rb7 Nf5 56. Be4 Kf7 57. Bxf5 exf5 58. Kf3 Ke6 59. Rb6+ Ke5 60. Rb5+ Ke6 61. Ke3 Bd6 62. Kd3 Be5 63. Rb6+ Kd5 64. Ra6 Bd6 65. Ra8 Be5 66. Re8 Kd6 67. Kc4 Bb2 68. Rb8 Be5 69. Rb6+ Ke7 70. Kd5 Kf7 71. Ra6 g4 72. Ra8 f4 73. gxf4 Bxf4 74. Ra4 Bd2 75. Rxg4 f5 76. Ra4 Kf6 77. Ra2 Bf4 78. Ra6+ Kg5 79. Ke6 Bd2 80. Rd6 Bc1 81. Rd5 Kg6 82. Rxf5 Bb2 83. Rf3 Kg5 84. Kd5 Kg4 85. Ke4 Bc1 86. Rg3+ Kh4 87. Rg1 Bb2 88. Kf5 Kh3 89. Rg8 Kh2 90. f4 Bc1 91. Ke5 Kh3 92. f5 Kh4 93. Ke6 Kh5 94. f6 Bh6 95. Rh8 Kg6 96. Rxh6+ Kxh6 97. Ke7 1-0

[Event "Reykjavik op"]
[Site "Reykjavik"]
[Date "2015.03.15"]
[Round "7"]
[White "Jensson, Einar Hjalti"]
[Black "Thiry, Jean Christophe"]
[Result "1-0"]
[WhiteElo "2390"]
[BlackElo "2031"]
[PlyCount "161"]
[EventDate "2015.03.10"]
[EventType "swiss"]
[EventRounds "10"]
[EventCountry "ISL"]
[SourceTitle "CBM 165 Extra"]
[Source "ChessBase"]
[SourceDate "2015.04.21"]
[SourceVersion "1"]
[SourceVersionDate "2015.04.21"]
[SourceQuality "1"]

1. e4 e5 2. Nf3 d6 3. d4 Nf6 4. dxe5 Nxe4 5. Qd5 Nc5 6. Bg5 Qd7 7. Nc3 c6 8. Qd2 dxe5 9. Nxe5 Qxd2+ 10. Bxd2 Be7 11. 0-0-0 Be6 12. h3 Nbd7 13. Nf3 0-0 14. Nd4 Nf6 15. Nxe6 Nxe6 16. g3 Rad8 17. Bg2 Rd7 18. Ne4 Rfd8 19. Ba5 Rxd1+ 20. Rxd1 Rxd1+ 21. Kxd1 Kf8 22. Bd2 Nxe4 23. Bxe4 g6 24. Ke2 Ke8 25. Bc3 Kd7 26. f4 Nc5 27. Bf3 Na4 28. Bd4 a6 29. Bg4+ f5 30. Bf3 Nc5 31. c3 Bd6 32. b4 Ne6 33. Bf2 Be7 34. Kd3 Bf6 35. a4 Kd6 36. a5 h5 37. h4 Kd7 38. Bd1 Nc7 39. Bb3 Nd5 40. Be1 Be7 41. Bf2 Bf6 42. Bd4 Bxd4 43. Kxd4 Kd6 44. Ba2 Nc7 45. Bf7 Ne6+ 46. Kd3 Nf8 47. Bg8 Nd7 48. Kd4 Ke7 49. Bc4 Kd6 50. Be2 Nf8 51. Bc4 Ne6+ 52. Kd3 Nf8 53. Bg8 Ke7 54. Kd4 Kd6 55. Kc4 Ke7 56. Kc5 Nd7+ 57. Kd4 Kd6 58. Bf7 Nf8 59. Bb3 Ne6+ 60. Bxe6 Kxe6 61. Kc5 Kd7 62. Kb6 Kc8 63. Kc5 Kc7 64. c4 Kd7 65. b5 cxb5 66. cxb5 axb5 67. Kxb5 Kc8 68. Kc4 Kd8 69. Kd4 Kd7 70. Kd5 Kc7 71. Ke6 Kc6 72. Kf6 Kb5 73. Kxg6 Kxa5 74. Kxf5 b5 75. Ke4 b4 76. f5 b3 77. Kd3 Kb4 78. f6 Ka3 79. f7 b2 80. f8Q+ Ka2 81. Qa8+ 1-0

[Event "Politiken Cup 35th"]
[Site "Helsingor"]
[Date "2013.07.30"]
[Round "5"]
[White "Thiry, Jean Christophe"]
[Black "Frederiksen Kristian, Pade"]
[Result "1-0"]
[WhiteElo "1981"]
[BlackElo "1823"]
[PlyCount "175"]
[EventDate "2013.07.27"]
[EventType "swiss"]
[EventRounds "10"]
[EventCountry "DEN"]
[SourceTitle "CBM 155 Extra"]
[Source "ChessBase"]
[SourceDate "2013.08.26"]
[SourceVersion "1"]
[SourceVersionDate "2013.08.26"]
[SourceQuality "1"]

1. d4 Nf6 2. Nf3 g6 3. Bf4 Bg7 4. e3 0-0 5. Be2 d6 6. h3 Nbd7 7. 0-0 Qe8 8. c4 e5 9. Bh2 Ne4 10. Qc2 f5 11. Nc3 Nxc3 12. Qxc3 e4 13. Nd2 g5 14. Qc2 Nf6 15. Rae1 Bd7 16. f3 Qg6 17. fxe4 Nxe4 18. Nxe4 fxe4 19. Qd1 Bf5 20. Bh5 Qe6 21. b3 Rf6 22. d5 Qe7 23. g4 Bg6 24. Bxg6 hxg6 25. Qe2 Raf8 26. Rxf6 Rxf6 27. Rf1 Rxf1+ 28. Kxf1 Qf6+ 29. Qf2 Qa1+ 30. Kg2 Be5 31. Bg1 Kg7 32. Qc2 Qb2 33. Qxb2 Bxb2 34. Kf2 Be5 35. Ke2 Kf6 36. Bf2 Ke7 37. Kd2 Kf6 38. Kc2 Ke7 39. Be1 c6 40. a4 c5 41. b4 b6 42. Kb3 Kd7 43. a5 Kc7 44. axb6+ axb6 45. bxc5 bxc5 46. Ka4 Bb2 47. Kb5 Bc1 48. Bf2 Bd2 49. Ka4 Bc3 50. h4 gxh4 51. Bxh4 Bd2 52. Bg5 Kb6 53. Bf4 Kc7 54. Kb3 Be1 55. Kc2 Kd7 56. Bg5 Kc7 57. Kd1 Bc3 58. Ke2 Kb6 59. Bd8+ Ka6 60. Kf2 Be5 61. Kg2 Bc3 62. Bc7 Bd2 63. Bxd6 Bxe3 64. Bc7 Kb7 65. Ba5 Kc8 66. Kf1 Kd7 67. Ke2 Bd4 68. Be1 Kd6 69. Bg3+ Kd7 70. Bf4 Ke7 71. g5 Kd7 72. Kf1 Ke7 73. Kg2 Kd7 74. Kg3 Ke7 75. Bc7 Kd7 76. Ba5 Be3 77. Kg4 Bc1 78. Bc3 Kd6 79. Be1 Kd7 80. Bf2 Kd6 81. Bg3+ Kd7 82. Bf4 Bb2 83. Be3 Bd4 84. Kf4 Bb2 85. Kxe4 Ba3 86. Kd3 Bb4 87. Bd2 Ba3 88. Kc2 1-0

[Event "Politiken Cup 35th"]
[Site "Helsingor"]
[Date "2013.07.28"]
[Round "2"]
[White "Schou Moldt, Thomas"]
[Black "Thiry, Jean Christophe"]
[Result "1/2-1/2"]
[WhiteElo "2202"]
[BlackElo "1981"]
[PlyCount "172"]
[EventDate "2013.07.27"]
[EventType "swiss"]
[EventRounds "10"]
[EventCountry "DEN"]
[SourceTitle "CBM 155 Extra"]
[Source "ChessBase"]
[SourceDate "2013.08.26"]
[SourceVersion "1"]
[SourceVersionDate "2013.08.26"]
[SourceQuality "1"]

1. e4 e5 2. Nf3 d6 3. d4 Nf6 4. Nc3 Nbd7 5. Bc4 Be7 6. 0-0 0-0 7. h3 c6 8. a4 b6 9. Qe2 a6 10. Rd1 Qc7 11. Ba2 Rb8 12. dxe5 dxe5 13. Nh4 b5 14. Nf5 Nc5 15. axb5 axb5 16. Nxe7+ Qxe7 17. Be3 Be6 18. f3 Rfd8 19. Qf2 Nb7 20. Rxd8+ Rxd8 21. Bxe6 Qxe6 22. Ra7 Rd7 23. Bg5 Nd8 24. Bxf6 gxf6 25. Ra8 Qd6 26. Kh2 Kf8 27. Qh4 Ke7 28. Ne2 Qd2 29. Ng3 Qf4 30. Qxh7 Ne6 31. Qf5 Rd2 32. Ra7+ Kd6 33. Rxf7 Qxf5 34. Nxf5+ Kc5 35. h4 Nf4 36. Rg7 Rxc2 37. Rg3 Rxb2 38. Ng7 Ra2 39. h5 Ra8 40. h6 Rh8 41. Nf5 b4 42. Rg7 Ne6 43. Rb7 Nd4 44. h7 Nxf5 45. exf5 b3 46. Rxb3 Rxh7+ 47. Kg1 Kd4 48. Rb6 Rc7 49. Kf2 Kd5 50. Rb8 Rf7 51. Rd8+ Kc4 52. Ke3 Kc5 53. Ke4 Ra7 54. Rf8 Ra4+ 55. Ke3 Ra3+ 56. Kf2 Kd5 57. Rxf6 c5 58. Rf8 e4 59. Rd8+ Ke5 60. Re8+ Kxf5 61. Rxe4 Ra2+ 62. Re2 Ra4 63. Ke3 Ra3+ 64. Kd2 Ra4 65. Kc3 Kf4 66. Re8 Kg3 67. Rg8+ Kf2 68. Rg4 Ra5 69. Kd3 Ra3+ 70. Kc4 Ra5 71. f4 Ke3 72. g3 Ke4 73. Rg5 Ra4+ 74. Kb5 Ra8 75. f5 Kd4 76. f6 Rf8 77. Rf5 c4 78. g4 c3 79. g5 c2 80. Rf1 Rb8+ 81. Ka6 Rb1 82. Rf4+ Ke5 83. f7 c1Q 84. Rf5+ Kxf5 85. f8Q+ Kxg5 86. Qc5+ Qxc5 1/2-1/2

[Event "Politiken Cup 35th"]
[Site "Helsingor"]
[Date "2013.07.28"]
[Round "3"]
[White "Thiry, Jean Christophe"]
[Black "Vistisen, Lars"]
[Result "0-1"]
[WhiteElo "1981"]
[BlackElo "2177"]
[PlyCount "176"]
[EventDate "2013.07.27"]
[EventType "swiss"]
[EventRounds "10"]
[EventCountry "DEN"]
[SourceTitle "CBM 155 Extra"]
[Source "ChessBase"]
[SourceDate "2013.08.26"]
[SourceVersion "1"]
[SourceVersionDate "2013.08.26"]
[SourceQuality "1"]

1. d4 Nf6 2. Bf4 c5 3. c3 e6 4. Nf3 b6 5. e3 Bb7 6. Nbd2 Be7 7. h3 d6 8. Bd3 Nd5 9. Bh2 f5 10. Qb3 Qd7 11. e4 fxe4 12. Bxe4 Nc6 13. 0-0 Nf6 14. Bd3 0-0 15. Rfe1 Nd8 16. Rad1 Rc8 17. Bb5 Bc6 18. Ba6 Rb8 19. dxc5 Ba4 20. c6 Bxb3 21. cxd7 Bxd1 22. Rxd1 Nxd7 23. Bb5 Nf6 24. Nc4 Nb7 25. Ng5 e5 26. Ne3 Rfc8 27. Bc4+ d5 28. Nxd5 Rxc4 29. Nxe7+ Kf8 30. Nf5 Re8 31. Ne3 Rc6 32. Nf3 Rce6 33. Nc4 e4 34. Nd4 R6e7 35. Nd6 Ra8 36. N6f5 Ree8 37. Nb5 Rad8 38. Rxd8 Rxd8 39. Nfd4 Rd5 40. a3 a5 41. Bc7 Nd7 42. Kf1 Nbc5 43. c4 Rh5 44. Nc3 a4 45. Ke2 Rh6 46. Ke3 Rf6 47. Bg3 Rf7 48. Nxe4 Nxe4 49. Kxe4 Nc5+ 50. Kd5 Nd3 51. b3 axb3 52. Nxb3 Nxf2 53. c5 bxc5 54. Nxc5 Rf5+ 55. Kd4 Ke7 56. a4 Rxc5 57. Bxf2 Ra5 58. Ke3 Rxa4 59. Kf3 Ra3+ 60. Be3 Kf6 61. Ke4 Ra4+ 62. Kf3 g5 63. g3 Kf5 64. Bf2 h5 65. Be3 Ra2 66. g4+ Kg6 67. gxh5+ Kxh5 68. Bf2 Ra3+ 69. Kg2 Kg6 70. Bc5 Rb3 71. Be7 Kf5 72. Bd6 Rb7 73. Kf3 Rd7 74. Bc5 Rd3+ 75. Be3 Rb3 76. Kf2 Rb1 77. Kf3 Rf1+ 78. Kg2 Ra1 79. Kg3 Ra3 80. Kf3 Kg6 81. Kf2 Kh5 82. Kf3 Kh4 83. Kf2 Ra2+ 84. Kf3 Ra3 85. Kf2 Rb3 86. Ke2 Rb5 87. Kf2 Kxh3 88. Kg1 g4 0-1

[Event "BEL-chT 0809"]
[Site "Belgium"]
[Date "2008.10.19"]
[Round "2.8"]
[White "Thiry, Jean Christophe"]
[Black "Maes, Valeer"]
[Result "0-1"]
[WhiteElo "2043"]
[BlackElo "2172"]
[PlyCount "158"]
[EventDate "2008.10.05"]
[EventType "team-tourn"]
[EventRounds "11"]
[EventCountry "BEL"]
[SourceTitle "CBM 127 Extra"]
[Source "ChessBase"]
[SourceDate "2009.01.08"]
[SourceVersion "2"]
[SourceVersionDate "2009.01.28"]
[SourceQuality "1"]
[WhiteTeam "Liege Crelel"]
[BlackTeam "Wirtzfeld"]
[WhiteTeamCountry "BEL"]
[BlackTeamCountry "BEL"]

1. d4 e6 2. Nf3 Nf6 3. Bf4 b6 4. e3 Bb7 5. Bd3 c5 6. c3 Be7 7. h3 0-0 8. Nbd2 cxd4 9. exd4 d6 10. 0-0 Nc6 11. Qe2 Re8 12. Ba6 Qc8 13. Bxb7 Qxb7 14. Ne4 Nxe4 15. Qxe4 d5 16. Qd3 b5 17. Ne5 Rec8 18. Nxc6 Rxc6 19. a3 Rac8 20. Rfe1 a5 21. Rac1 Rc4 22. Bd2 Bd6 23. b3 R4c6 24. a4 bxa4 25. bxa4 Rc4 26. Rb1 Qc6 27. g3 Rxa4 28. Rb3 Rc4 29. Reb1 Bc7 30. Rb7 Ra8 31. Qf3 a4 32. Bf4 Rxc3 33. Qh5 g6 34. Qh6 Bxf4 35. Qxf4 Qe8 36. Qf6 Qf8 37. Re7 Rf3 38. Qxf3 Qxe7 39. Qf4 Qa7 40. Rc1 Qb8 41. Rc7 Qb1+ 42. Kh2 Qf5 43. Qd2 a3 44. Rc2 Qe4 45. Ra2 Qb1 46. Kg2 Qb3 47. h4 h5 48. Kh2 Rc8 49. Kg2 Rc3 50. Ra1 Qb2 51. Qxb2 axb2 52. Ra8+ Kg7 53. Rb8 Rd3 54. Rxb2 Rxd4 55. Kf3 Re4 56. Rb7 Kf6 57. Rd7 Re5 58. Kf4 Rf5+ 59. Ke3 g5 60. f4 gxf4+ 61. gxf4 Kg7 62. Rd8 Rf6 63. Rd7 Rh6 64. f5 Kf6 65. fxe6 fxe6 66. Rd8 Ke5 67. Rg8 Rf6 68. Rg5+ Rf5 69. Rg8 Kf6 70. Rf8+ Kg6 71. Re8 Re5+ 72. Kf3 Re4 73. Kg3 Re3+ 74. Kf2 Re4 75. Kg3 Kf6 76. Rf8+ Ke7 77. Rh8 Re5 78. Kf4 Rf5+ 79. Ke3 Kd6 0-1